000 00353nam a22001217a 4500
082 _a388.1
_bNAT
_cD
110 _aNational Highway Board Islamabad
_938515
245 _aStrategy for Development of National Highways and Their Financing
260 _aIslamabad
300 _a35p.:
_bill.;
526 _a0
_b0
_c0
_d388_100000000000000_NAT
942 _2ddc
_cBK
999 _c543123
_d543123